00752 2200289 4500001002100000005001500021035002000036007000300056008004100059040001700100100002200117245004600139250001000185300003100195504002600226020002200252041000800274082000800282084001400290090002000304260004700324650001100371700002600382850001000408990002200418990002200440INLIS00000000000316420260528063334 a0010-0321000127ta260528 0  aSBPUPADbind0 aEmirfan T.Mulyati1 aSupertrik Rebut Skor Tingkat Tinggi Toefl acet.2 a279 hlm. :bilus. ;c25 cm aBibliografi, hlm 279 a978-602-7996-86-10 aind a425 a425 MUL s a425 MUL s 14-10 aYogyakarta :bTrans Idea Publishing,c2016 4aBahasa0 apenyunting, tristanti aPUPAD a24.549/H/DPK/2017 a24.548/H/DPK/2017